[Event "VII Miedzynarodowy Festiwal Szachowy - O"]
[Site "Ostroda"]
[Date "2010.08.03"]
[Round "3.14"]
[White "Marchlewicz, Artur"]
[Black "Shemraev, Anton"]
[Result "1-0"]
[WhiteElo "1708"]
[BlackElo "1967"]
[PlyCount "49"]
[EventDate "2010.??.??"]

1. e4 c5 2. Nf3 d6 3. d4 cxd4 4. Nxd4 Nf6 5. Nc3 e6 6. Bc4 a6 7. Bb3 Be7 8. O-O
O-O 9. Be3 Nc6 10. f4 Qc7 11. f5 Nxd4 12. Bxd4 b5 13. a3 Bd7 14. Qe2 Qc6 15.
Rad1 a5 16. Rf3 b4 17. Ba4 Qb7 18. Bxd7 Qxd7 19. Nb5 e5 20. Bxe5 Nxe4 21. Qxe4
Qxb5 22. Bxg7 Kxg7 23. Qxe7 Qc5+ 24. Kh1 Qxc2 25. Rg3+ 1-0

[Event "VII Miedzynarodowy Festiwal Szachowy - O"]
[Site "Ostroda"]
[Date "2010.08.03"]
[Round "3.15"]
[White "Olchowko, Marika"]
[Black "Pycka, Zbigniew"]
[Result "1/2-1/2"]
[WhiteElo "1667"]
[BlackElo "1929"]
[PlyCount "91"]
[EventDate "2010.??.??"]

1. d4 Nf6 2. Nf3 d5 3. e3 e6 4. Bd3 b6 5. O-O Bb7 6. b3 Be7 7. Bb2 Nbd7 8. Nbd2
O-O 9. Ne5 Ne4 10. f4 f5 11. Nxd7 Qxd7 12. Nf3 Bf6 13. Ne5 Bxe5 14. fxe5 c5 15.
Qe2 Rac8 16. Bxe4 fxe4 17. Rxf8+ Rxf8 18. Rf1 Qc8 19. Rxf8+ Kxf8 20. Ba3 Ba6
21. Qd2 Kg8 22. dxc5 bxc5 23. Qa5 c4 24. Qc5 cxb3 25. cxb3 Kf7 26. Qxa7+ Kg6
27. Qc5 Qe8 28. Qe7 Qc6 29. Qd6 Qc8 30. Bc5 Bd3 31. h4 h5 32. Qe7 Be2 33. Qa7
Bg4 34. b4 Qd8 35. g3 d4 36. exd4 e3 37. Qa3 e2 38. Qe3 Qa8 39. a3 Qd5 40. b5
Qa2 41. Bb4 Qb1+ 42. Kh2 Qf1 43. b6 Qh3+ 44. Kg1 Qf1+ 45. Kh2 Qh3+ 46. Kg1
1/2-1/2

[Event "VII Miedzynarodowy Festiwal Szachowy - O"]
[Site "Ostroda"]
[Date "2010.08.03"]
[Round "3.16"]
[White "Tarczykowska, Monika"]
[Black "Milkowska, Ernesta"]
[Result "0-1"]
[WhiteElo "1656"]
[BlackElo "1861"]
[PlyCount "85"]
[EventDate "2010.??.??"]

1. g3 c5 2. c4 g6 3. Bg2 Bg7 4. Nc3 Nc6 5. e3 d6 6. Nge2 e5 7. Rb1 Nge7 8. a3
Be6 9. d3 a5 10. O-O O-O 11. Nd5 f5 12. f4 Rb8 13. Nec3 Kh8 14. Bd2 Na7 15. b4
axb4 16. axb4 Nxd5 17. Nxd5 Nc6 18. b5 Ne7 19. b6 Nxd5 20. cxd5 Bd7 21. fxe5
Bxe5 22. Qb3 Ra8 23. Bc3 Qe7 24. Rfe1 Qg7 25. Bd2 Ra6 26. Bf1 Rfa8 27. Bc1 Ba4
28. Qc4 Bc3 29. Re2 Bd1 30. Bb2 Bxb2 31. Rexb2 Qe5 32. Qf4 Qxf4 33. gxf4 Bf3
34. d4 Ra3 35. dxc5 dxc5 36. Kf2 Bxd5 37. Rc1 R3a5 38. Rd2 Be4 39. Bc4 Rc8 40.
Rd7 Bc6 41. Rc7 Rd8 42. Rc2 Be4 43. Rb2 0-1

[Event "VII Miedzynarodowy Festiwal Szachowy - O"]
[Site "Ostroda"]
[Date "2010.08.03"]
[Round "3.17"]
[White "Siwon, Zbigniew"]
[Black "Szymanowski, Mateusz"]
[Result "0-1"]
[WhiteElo "1854"]
[BlackElo "1705"]
[PlyCount "57"]
[EventDate "2010.??.??"]

1. d4 d5 2. c4 e6 3. Nc3 Nf6 4. Bg5 Nbd7 5. e3 c6 6. cxd5 exd5 7. Bd3 Be7 8.
Nge2 Nf8 9. O-O Ng6 10. Qc2 O-O 11. Rab1 Bd6 12. Ng3 h6 13. Bxf6 Qxf6 14. b4
Nh4 15. b5 Bg4 16. Be2 Qe6 17. Bxg4 Qxg4 18. bxc6 bxc6 19. e4 f5 20. f3 Qg5 21.
e5 f4 22. Nce4 dxe4 23. Nxe4 Qg6 24. exd6 Rad8 25. Qc4+ Kh8 26. Rb2 Nxf3+ 27.
Rxf3 Qxe4 28. Re2 Qb1+ 29. Rf1 0-1

[Event "VII Miedzynarodowy Festiwal Szachowy - O"]
[Site "Ostroda"]
[Date "2010.08.03"]
[Round "3.18"]
[White "Gajek, Radoslaw"]
[Black "Kotlewski, Lukasz"]
[Result "1-0"]
[WhiteElo "1843"]
[BlackElo "1657"]
[PlyCount "49"]
[EventDate "2010.??.??"]

1. e4 c5 2. Nf3 Nc6 3. d4 cxd4 4. Nxd4 e6 5. Nc3 a6 6. Be3 Bb4 7. Bd3 Nf6 8.
O-O d5 9. exd5 Nxd5 10. Nxd5 Qxd5 11. Nxc6 Qxc6 12. Qg4 Bf8 13. Be4 Qb5 14. a4
Qb4 15. Qf3 f5 16. Bc6+ Kf7 17. c3 Qb3 18. Rad1 bxc6 19. Qxc6 Rb8 20. Rd8 Qb7
21. Qe8+ Kf6 22. Bd4+ Kg5 23. f4+ Kh6 24. Rf3 Qxf3 25. gxf3 1-0

[Event "VII Miedzynarodowy Festiwal Szachowy - O"]
[Site "Ostroda"]
[Date "2010.08.03"]
[Round "3.19"]
[White "Zwara, Szymon"]
[Black "Ciesielski, Tomasz"]
[Result "0-1"]
[WhiteElo "1615"]
[BlackElo "1839"]
[PlyCount "44"]
[EventDate "2010.??.??"]

1. d4 d5 2. Nf3 e6 3. c4 c6 4. Nc3 f5 5. e3 Nf6 6. Bd3 Be7 7. O-O O-O 8. a3 Ne4
9. Nd2 Nd7 10. f3 Nxc3 11. bxc3 Bd6 12. cxd5 Qh4 13. f4 exd5 14. Nf3 Qh6 15. c4
Qf6 16. Qb3 dxc4 17. Bxc4+ Kh8 18. Ng5 h6 19. Rf3 b5 20. Be2 Nb6 21. Rh3 Bxf4
22. Nf3 Be6 0-1

[Event "VII Miedzynarodowy Festiwal Szachowy - O"]
[Site "Ostroda"]
[Date "2010.08.03"]
[Round "3.21"]
[White "Wodzynska, Zofia"]
[Black "Janik, Igor"]
[Result "1-0"]
[WhiteElo "1567"]
[BlackElo "1586"]
[PlyCount "97"]
[EventDate "2010.??.??"]

1. e4 c5 2. Nf3 Nc6 3. d4 cxd4 4. Nxd4 Nf6 5. Nc3 d6 6. Be3 g6 7. Be2 Bg7 8.
Qd2 O-O 9. f3 d5 10. Nxc6 bxc6 11. O-O-O e6 12. Bh6 Rb8 13. Bxg7 Kxg7 14. h4
Bd7 15. h5 Nxh5 16. g4 Nf6 17. Qh6+ Kg8 18. e5 Nh5 19. gxh5 Qe7 20. hxg6 fxg6
21. Rdg1 Be8 22. Bd3 Rf5 23. Bxf5 exf5 24. Qh4 Qb7 25. b3 a5 26. e6 Qg7 27. Nb1
c5 28. Qh6 Qb7 29. Re1 Qe7 30. Nc3 Bc6 31. Qh4 Qg7 32. e7 d4 33. Nb1 a4 34. Qh6
Qf7 35. Nd2 axb3 36. axb3 Bb5 37. Nc4 Bxc4 38. e8=Q+ Rxe8 39. Rxe8+ Qxe8 40.
Qxh7+ Kf8 41. Qh6+ Kf7 42. bxc4 Qe3+ 43. Qxe3 dxe3 44. f4 g5 45. fxg5 Kg6 46.
Rh3 f4 47. Rf3 Kxg5 48. Kd1 Kg4 49. Ke2 1-0

[Event "VII Miedzynarodowy Festiwal Szachowy - O"]
[Site "Ostroda"]
[Date "2010.08.03"]
[Round "3.22"]
[White "Wiechowski, Lukasz"]
[Black "Jubin, Thierry"]
[Result "0-1"]
[WhiteElo "1832"]
[BlackElo "1846"]
[PlyCount "81"]
[EventDate "2010.??.??"]

1. Nf3 d5 2. d4 Nf6 3. c4 c6 4. Nc3 dxc4 5. a4 Bf5 6. Ne5 e6 7. f3 Nbd7 8. e4
Bg6 9. Nxg6 hxg6 10. Bxc4 Qc7 11. e5 Nd5 12. Nxd5 cxd5 13. Bd3 Qa5+ 14. Kf2 Qb4
15. Bb1 Rc8 16. Qd3 Rc4 17. Bd2 Qxb2 18. Ra2 Qxd4+ 19. Qxd4 Rxd4 20. Be3 Rc4
21. Bxa7 Nxe5 22. Rb2 Rb4 23. Rxb4 Bxb4 24. Bd4 Nc4 25. Bxg7 Rg8 26. Bf6 Kd7
27. Bd3 Bc5+ 28. Ke2 Ra8 29. Ra1 Kd6 30. f4 Na3 31. Be5+ Kd7 32. Bb2 Nc4 33.
Bf6 Bd6 34. g3 Be7 35. Bxe7 Kxe7 36. Bxc4 dxc4 37. Rb1 Rxa4 38. Rxb7+ Kf6 39.
Rc7 Ra2+ 40. Kf3 Rxh2 41. Rxc4 0-1

[Event "VII Miedzynarodowy Festiwal Szachowy - O"]
[Site "Ostroda"]
[Date "2010.08.03"]
[Round "3.24"]
[White "Stachowicz, Feliks"]
[Black "Dejna, Miroslaw"]
[Result "1-0"]
[WhiteElo "1784"]
[BlackElo "1273"]
[PlyCount "81"]
[EventDate "2010.??.??"]

1. f4 Nc6 2. Nf3 e5 3. fxe5 d5 4. d4 Bb4+ 5. c3 Ba5 6. g3 Bg4 7. Bg2 f6 8. exf6
Nxf6 9. Nbd2 Qe7 10. Nb3 Bb6 11. Bg5 O-O-O 12. O-O h6 13. Bf4 g5 14. Be5 Rdg8
15. Bxf6 Qxf6 16. Qd2 Qe6 17. Rae1 Bh3 18. Qd3 Bxg2 19. Kxg2 h5 20. e4 h4 21.
exd5 h3+ 22. Kh1 Qxd5 23. Qe4 Qd7 24. Qe6 g4 25. Qxd7+ Kxd7 26. Nh4 Rh7 27. Kg1
a6 28. Rf4 Rhg7 29. Nd2 Kc8 30. Nf5 Rd7 31. Ree4 Ba7 32. Nh6 Rh8 33. Nxg4 b5
34. a3 Na5 35. b4 Nc4 36. Nxc4 bxc4 37. Nf2 Bb6 38. Rh4 Rdh7 39. Nxh3 Rxh4 40.
Rxh4 Re8 41. Kf2 1-0

[Event "VII Miedzynarodowy Festiwal Szachowy - O"]
[Site "Ostroda"]
[Date "2010.08.03"]
[Round "3.25"]
[White "Szymanowski, Igor"]
[Black "Murawski, Jacek"]
[Result "1-0"]
[WhiteElo "1395"]
[BlackElo "1600"]
[PlyCount "55"]
[EventDate "2010.??.??"]

1. e4 e6 2. d4 d5 3. e5 c5 4. c3 Nc6 5. Nf3 Qb6 6. Bd3 Bd7 7. dxc5 Bxc5 8. O-O
Qc7 9. b4 Bb6 10. Bf4 a6 11. Nbd2 Nge7 12. Rc1 Qd8 13. c4 Nxb4 14. Qb3 Nxd3 15.
Qxd3 Rc8 16. cxd5 Nxd5 17. Bg5 Rxc1 18. Bxd8 Rxf1+ 19. Qxf1 Bxd8 20. Ne4 Be7
21. Nd6+ Bxd6 22. exd6 O-O 23. Ne5 Bb5 24. Qc1 Rd8 25. d7 f6 26. Qc8 Rxc8 27.
dxc8=Q+ Be8 28. Qxe8# 1-0

[Event "VII Miedzynarodowy Festiwal Szachowy - O"]
[Site "Ostroda"]
[Date "2010.08.04"]
[Round "4.1"]
[White "Mista, Aleksander"]
[Black "Puczylowski, Marcin"]
[Result "1-0"]
[WhiteElo "2562"]
[BlackElo "2034"]
[PlyCount "115"]
[EventDate "2010.??.??"]

1. e4 c5 2. Nf3 Nc6 3. d4 cxd4 4. Nxd4 e5 5. Nb5 Nf6 6. N1c3 d6 7. Bg5 a6 8.
Na3 Be6 9. Nc4 Rc8 10. Bxf6 Qxf6 11. Nb6 Rb8 12. Ncd5 Qd8 13. g3 Be7 14. Bg2
O-O 15. O-O Bg5 16. c3 Kh8 17. Qd3 Ne7 18. Rad1 Nc8 19. Nxc8 Rxc8 20. f4 Bh6
21. Kh1 Rc5 22. Ne3 exf4 23. gxf4 Bxa2 24. c4 b5 25. b3 bxc4 26. Nxc4 Qb8 27.
Nxd6 Qxb3 28. Qxa6 Rc2 29. Nf5 Qb2 30. Qd6 Rg8 31. Rg1 Rf2 32. Nxh6 gxh6 33.
Rd4 Rxf4 34. Rd2 Qf6 35. Qxf6+ Rxf6 36. Rxa2 Re8 37. Rga1 Kg7 38. Ra6 Rxa6 39.
Rxa6 f5 40. Ra7+ Kf6 41. Rxh7 Kg6 42. Ra7 fxe4 43. Kg1 Kg5 44. Kf2 e3+ 45. Ke2
Re5 46. Ra4 Kf5 47. h4 Re7 48. Bf3 Re5 49. Ra6 Kf4 50. Rxh6 Ra5 51. Rf6+ Rf5
52. Rg6 Re5 53. h5 Kf5 54. Rg7 Re8 55. h6 Kf6 56. Ra7 Kg6 57. h7 Kh6 58. Bd5
1-0

[Event "VII Miedzynarodowy Festiwal Szachowy - O"]
[Site "Ostroda"]
[Date "2010.08.04"]
[Round "4.2"]
[White "Maruszczak, Joanna"]
[Black "Kuzmicz, Krystian"]
[Result "0-1"]
[WhiteElo "1643"]
[BlackElo "2417"]
[PlyCount "64"]
[EventDate "2010.??.??"]

1. e4 e6 2. Nf3 d5 3. Nc3 d4 4. Ne2 c5 5. c3 Nf6 6. Ng3 Nc6 7. Bb5 Bd7 8. O-O
Qb6 9. Qb3 dxc3 10. dxc3 Qc7 11. Bg5 a6 12. Bd3 Ng4 13. Rad1 Bd6 14. Be2 f6 15.
Bc1 h5 16. Nd2 Nxh2 17. Kxh2 h4 18. Nc4 hxg3+ 19. Kg1 gxf2+ 20. Kxf2 Bg3+ 21.
Kg1 Bh2+ 22. Kh1 b5 23. Ne3 O-O-O 24. Rf3 c4 25. Qc2 Bf4+ 26. Kg1 g5 27. Ng4
Ne5 28. Nxe5 Qa7+ 29. Rf2 Bxe5 30. Bf3 Bg3 31. Bg4 Bxf2+ 32. Qxf2 Rh1+ 0-1

[Event "VII Miedzynarodowy Festiwal Szachowy - O"]
[Site "Ostroda"]
[Date "2010.08.04"]
[Round "4.4"]
[White "Nasuta, Grzegorz"]
[Black "Gorniewicz, Oskar"]
[Result "1/2-1/2"]
[WhiteElo "2102"]
[BlackElo "1896"]
[PlyCount "94"]
[EventDate "2010.??.??"]

1. e4 c6 2. d4 d5 3. Nc3 dxe4 4. Nxe4 Nf6 5. Nxf6+ gxf6 6. c3 Bf5 7. Nf3 Nd7 8.
g3 Qc7 9. Bg2 O-O-O 10. O-O e6 11. b4 Bg4 12. Qb3 Bxf3 13. Bxf3 h5 14. c4 h4
15. c5 hxg3 16. fxg3 Bh6 17. b5 Nb8 18. d5 cxd5 19. Bxh6 Rxh6 20. Rac1 Qe5 21.
Qd3 Rg8 22. Rf2 f5 23. Re2 Qf4 24. Rc3 Qb4 25. c6 f4 26. Bxd5 exd5 27. Qf5+ Re6
28. Rxe6 fxe6 29. Qxe6+ Kc7 30. Qf7+ Kd6 31. Qxg8 Qxc3 32. Qxb8+ Kc5 33. Qxa7+
Kxb5 34. Qxb7+ Kc5 35. Qa7+ Kb5 36. Qb8+ Kc5 37. Qf8+ Kb6 38. Qb8+ Kc5 39. Qf8+
Kb6 40. Qxf4 Kxc6 41. h4 d4 42. h5 d3 43. Qf3+ Kb5 44. h6 Qe1+ 45. Kg2 Qd2+ 46.
Kg1 Qe1+ 47. Kg2 Qd2+ 1/2-1/2

[Event "VII Miedzynarodowy Festiwal Szachowy - O"]
[Site "Ostroda"]
[Date "2010.08.04"]
[Round "4.5"]
[White "Bodenez, Vincent"]
[Black "Renkowski, Piotr"]
[Result "1/2-1/2"]
[WhiteElo "2177"]
[BlackElo "1931"]
[PlyCount "58"]
[EventDate "2010.??.??"]

1. e4 e6 2. Nf3 d5 3. Nc3 d4 4. Ne2 c5 5. c3 Nc6 6. cxd4 cxd4 7. Qa4 Bc5 8. b4
Bxb4 9. Nexd4 Nge7 10. Rb1 Bc5 11. Nb3 Bb6 12. Bb2 O-O 13. d4 Bd7 14. Qa3 Rc8
15. Be2 f5 16. exf5 Nxf5 17. O-O Nh4 18. Nc5 Bxc5 19. dxc5 Nxf3+ 20. Bxf3 e5
21. Rbd1 Qe7 22. Qd3 Rcd8 23. Be4 Kh8 24. Qe3 Na5 25. Qc3 Bc6 26. Qxa5 Rxd1 27.
Rxd1 Bxe4 28. Re1 Qf6 29. Qd2 Bc6 1/2-1/2

[Event "VII Miedzynarodowy Festiwal Szachowy - O"]
[Site "Ostroda"]
[Date "2010.08.04"]
[Round "4.6"]
[White "Zurkowski, Andrzej"]
[Black "Wodzynski, Michal"]
[Result "0-1"]
[WhiteElo "2175"]
[BlackElo "1971"]
[PlyCount "37"]
[EventDate "2010.??.??"]

1. d4 f5 2. g4 fxg4 3. h3 g3 4. fxg3 d5 5. Bf4 Nf6 6. Nc3 Bf5 7. Bg2 e6 8. Qd2
Na6 9. a3 c5 10. O-O-O Rc8 11. g4 Bg6 12. g5 Nd7 13. Qe3 Kf7 14. Rf1 cxd4 15.
Bc7+ Nf6 16. Bxd8 dxe3 17. Bxf6 gxf6 18. Nf3 Bg7 19. Nd4 0-1

[Event "VII Miedzynarodowy Festiwal Szachowy - O"]
[Site "Ostroda"]
[Date "2010.08.04"]
[Round "4.7"]
[White "Milkowska, Ernesta"]
[Black "Plichta, Kamil"]
[Result "0-1"]
[WhiteElo "1861"]
[BlackElo "2158"]
[PlyCount "109"]
[EventDate "2010.??.??"]

1. e4 g6 2. Nf3 Bg7 3. Bc4 d6 4. Nc3 Nf6 5. Qe2 O-O 6. d4 c6 7. e5 dxe5 8. dxe5
Nd5 9. Bd2 Bg4 10. O-O-O e6 11. h3 Bxf3 12. gxf3 Nd7 13. f4 Qh4 14. Nxd5 cxd5
15. Bb5 Nc5 16. Qg4 Qd8 17. Be3 Rc8 18. h4 Qa5 19. Bxc5 Rxc5 20. Bd3 Qa4 21. h5
Bxe5 22. hxg6 Qxf4+ 23. Qxf4 Bxf4+ 24. Kb1 hxg6 25. Rh4 e5 26. Rdh1 Rfc8 27. f3
Kg7 28. Rg1 Rh8 29. Rxh8 Kxh8 30. b3 Kg7 31. a4 Rc8 32. Bb5 f5 33. Bd7 Rf8 34.
c3 e4 35. Be6 exf3 36. Bxd5 f2 37. Rf1 Bg3 38. Bxb7 Kf6 39. Kc2 g5 40. b4 g4
41. b5 Re8 42. a5 Re1 43. Bg2 Rxf1 44. Bxf1 Bc7 45. b6 axb6 46. a6 Bb8 47. Kd3
Ke5 48. Ke3 f4+ 49. Kxf2 f3 50. Kg3 Kf5+ 51. Kh4 Kf4 52. Bb5 g3 53. Kh3 g2 54.
Kh2 Kg4+ 55. Kg1 0-1

[Event "VII Miedzynarodowy Festiwal Szachowy - O"]
[Site "Ostroda"]
[Date "2010.08.04"]
[Round "4.8"]
[White "Gajek, Radoslaw"]
[Black "Malczyk, Rafal"]
[Result "0-1"]
[WhiteElo "1843"]
[BlackElo "2103"]
[PlyCount "110"]
[EventDate "2010.??.??"]

1. e4 g6 2. Nf3 Bg7 3. Bc4 d6 4. Nc3 Nf6 5. Qe2 O-O 6. d4 c6 7. e5 dxe5 8. dxe5
Nd5 9. Bd2 Bg4 10. O-O-O e6 11. h3 Bxf3 12. gxf3 Nd7 13. f4 Qh4 14. Nxd5 cxd5
15. Bb5 Nc5 16. Qg4 Qd8 17. Be3 Rc8 18. h4 Qa5 19. Bxc5 Rxc5 20. Bd3 Qa4 21. h5
Bxe5 22. hxg6 Qxf4+ 23. Qxf4 Bxf4+ 24. Kb1 hxg6 25. Rh4 e5 26. Rdh1 Rfc8 27. f3
Kg7 28. Rg1 Rh8 29. Rxh8 Kxh8 30. b3 Kg7 31. a4 Rc8 32. Bb5 f5 33. Bd7 Rf8 34.
c3 e4 35. Be6 exf3 36. Bxd5 f2 37. Rf1 Bg3 38. Bxb7 Kf6 39. Kc2 g5 40. b4 g4
41. b5 Re8 42. a5 Re1 43. Bg2 Rxf1 44. Bxf1 Bc7 45. b6 axb6 46. a6 Bb8 47. Kd3
Ke5 48. Ke3 f4+ 49. Kxf2 f3 50. Kg3 Kf5+ 51. Kh4 Kf4 52. Bb5 g3 53. Kh3 g2 54.
Kh2 Kg4+ 55. Kg1 Kg3 0-1

[Event "VII Miedzynarodowy Festiwal Szachowy - O"]
[Site "Ostroda"]
[Date "2010.08.04"]
[Round "4.9"]
[White "Ciesielski, Tomasz"]
[Black "Rak, Tomasz"]
[Result "0-1"]
[WhiteElo "1839"]
[BlackElo "2093"]
[PlyCount "52"]
[EventDate "2010.??.??"]

1. e4 c6 2. Nc3 d5 3. exd5 cxd5 4. d3 Nc6 5. Nf3 Bf5 6. g3 Qd7 7. Bf4 O-O-O 8.
h3 e5 9. Bd2 Nf6 10. Nh4 Be6 11. Ne2 h6 12. g4 h5 13. g5 Ne8 14. c3 Bc5 15. Ng3
g6 16. Qe2 Nd6 17. O-O-O Rhe8 18. Bg2 Kb8 19. Kb1 Rc8 20. Nf3 d4 21. b4 dxc3
22. bxc5 c2+ 23. Kxc2 Nd4+ 24. Nxd4 Qa4+ 25. Nb3 Qxa2+ 26. Kc1 Qa3+ 0-1

[Event "VII Miedzynarodowy Festiwal Szachowy - O"]
[Site "Ostroda"]
[Date "2010.08.04"]
[Round "4.10"]
[White "Jozwik, Rafal"]
[Black "Marchlewicz, Artur"]
[Result "0-1"]
[WhiteElo "2069"]
[BlackElo "1708"]
[PlyCount "78"]
[EventDate "2010.??.??"]

1. e4 c5 2. c3 d5 3. exd5 Qxd5 4. d4 Nf6 5. Nf3 Bg4 6. Be2 Nc6 7. O-O e6 8. h3
Bh5 9. Be3 cxd4 10. Nxd4 Nxd4 11. Bxd4 Bxe2 12. Qxe2 Be7 13. Nd2 O-O 14. Nf3 b6
15. Qa6 Qd6 16. Rad1 Qc6 17. a4 Nd5 18. a5 Bc5 19. Ne5 Qc7 20. Bxc5 bxc5 21.
Rfe1 Rab8 22. Rd2 Rb7 23. Nc6 h6 24. Ne5 Re8 25. Nc4 Rd8 26. Red1 Rbb8 27. Na3
Nf4 28. Nb5 Rxd2 29. Nxc7 Rxd1+ 30. Kh2 Rxb2 31. Kg3 Ne2+ 32. Kh4 Nxc3 33. Qxa7
Rxf2 34. Qxc5 Rf4+ 35. g4 Rd3 36. Nxe6 fxe6 37. Qc8+ Kh7 38. Qxe6 g5+ 39. Kh5
Rxh3# 0-1

[Event "VII Miedzynarodowy Festiwal Szachowy - O"]
[Site "Ostroda"]
[Date "2010.08.04"]
[Round "4.11"]
[White "Opalinski, Sebastian"]
[Black "Malczyk, Jakub"]
[Result "0-1"]
[WhiteElo "1807"]
[BlackElo "2065"]
[PlyCount "108"]
[EventDate "2010.??.??"]

1. c4 e6 2. d4 d5 3. Nc3 Nf6 4. Bf4 c6 5. e3 Bd6 6. Nf3 O-O 7. Bg5 Nbd7 8. c5
Be7 9. Be2 h6 10. Bxf6 Bxf6 11. O-O e5 12. e4 exd4 13. Nxd4 Nxc5 14. exd5 cxd5
15. Bf3 Be6 16. Rc1 Rc8 17. Ncb5 a6 18. b4 Nd7 19. Nxe6 fxe6 20. Rxc8 Qxc8 21.
Nd4 Ne5 22. Re1 Nxf3+ 23. Nxf3 Qd7 24. Qe2 Re8 25. Ne5 Qd6 26. Qh5 Rf8 27. a3
Bxe5 28. Rxe5 d4 29. Re1 d3 30. Qg6 d2 31. Rd1 Rd8 32. Qe4 Rc8 33. Kf1 Rd8 34.
Ke2 a5 35. bxa5 Qa6+ 36. Ke3 Qxa5 37. Qxe6+ Kh8 38. Qe7 Qb6+ 39. Kf3 Qc6+ 40.
Kg3 Qg6+ 41. Kh3 Rd3+ 42. f3 h5 43. Qf8+ Kh7 44. Qf4 Qe6+ 45. Kh4 Qd5 46. Qe4+
Qxe4+ 47. fxe4 Kg6 48. g4 Kf6 49. gxh5 Ke5 50. Kg5 Kxe4 51. Kg6 Rd7 52. h4 Ke3
53. h6 gxh6 54. Kxh6 Ke2 0-1

[Event "VII Miedzynarodowy Festiwal Szachowy - O"]
[Site "Ostroda"]
[Date "2010.08.04"]
[Round "4.12"]
[White "Szymanowski, Mateusz"]
[Black "Goslawski, Michal"]
[Result "0-1"]
[WhiteElo "1705"]
[BlackElo "2018"]
[PlyCount "110"]
[EventDate "2010.??.??"]

1. e4 c5 2. Nf3 d6 3. d4 cxd4 4. Nxd4 Nf6 5. Nc3 a6 6. Bc4 e6 7. a3 Nc6 8. O-O
Bd7 9. Kh1 Rc8 10. f4 Be7 11. Be3 Na5 12. Bd3 Qc7 13. Qe2 Nc4 14. Bxc4 Qxc4 15.
Rfe1 O-O 16. Bf2 Rfd8 17. Nb3 Qc7 18. Rad1 Be8 19. h3 b5 20. f5 e5 21. g4 d5
22. Nxd5 Nxd5 23. Rxd5 Bc6 24. Rxd8+ Rxd8 25. Qe3 h6 26. Qb6 Qd7 27. Qe3 Bg5
28. Qe2 Qc7 29. Kg1 a5 30. Bg3 a4 31. h4 Be7 32. Nc1 Rd4 33. Qf3 Qb7 34. Bxe5
Rxe4 35. Rxe4 Bxe4 36. Qe2 Bxh4 37. Bd4 Qd5 38. c3 Bf6 39. Bxf6 gxf6 40. Kf2
Kg7 41. Kg1 Bf3 42. Qe3 Bxg4 43. Nd3 Qf3 44. Qxf3 Bxf3 45. Nf4 Be4 46. Kf2 Bxf5
47. Kg3 Be6 48. Kh4 Bb3 49. Kg4 Bd1+ 50. Kf5 h5 51. Ke4 Bc2+ 52. Kd4 Kh6 53.
Kc5 Kg5 54. Nh3+ Kg4 55. Ng1 Bd3 0-1

[Event "VII Miedzynarodowy Festiwal Szachowy - O"]
[Site "Ostroda"]
[Date "2010.08.04"]
[Round "4.13"]
[White "Budrewicz, Krzysztof"]
[Black "Olchowko, Blazej"]
[Result "1-0"]
[WhiteElo "2269"]
[BlackElo "1754"]
[PlyCount "43"]
[EventDate "2010.??.??"]

1. c4 c5 2. g3 Nc6 3. Bg2 d6 4. Nc3 e5 5. Nf3 Be6 6. d3 h6 7. O-O Qd7 8. Nd5
Nf6 9. Nd2 Bxd5 10. cxd5 Ne7 11. e4 g5 12. Rb1 Qb5 13. Nc4 Qa6 14. a4 Ng6 15.
b4 cxb4 16. Rxb4 Be7 17. Qb3 Rb8 18. Rb5 b6 19. Ba3 Kd7 20. Rb1 Rbd8 21. a5
bxa5 22. Qa4 1-0

[Event "VII Miedzynarodowy Festiwal Szachowy - O"]
[Site "Ostroda"]
[Date "2010.08.04"]
[Round "4.14"]
[White "Le Masle, Raphael"]
[Black "Olchowko, Marika"]
[Result "1-0"]
[WhiteElo "2128"]
[BlackElo "1667"]
[PlyCount "46"]
[EventDate "2010.??.??"]

1. d4 d5 2. c4 Nc6 3. cxd5 Qxd5 4. e3 e5 5. Nc3 Bb4 6. Bd2 Bxc3 7. bxc3 Nf6 8.
Qb3 Qe4 9. Nf3 O-O 10. Be2 Rb8 11. O-O h6 12. Rfd1 Be6 13. Qb1 exd4 14. cxd4
Bd5 15. Qxe4 Nxe4 16. Be1 f6 17. Nh4 Bf7 18. Nf5 a6 19. Rdc1 Nd6 20. Nxd6 cxd6
21. Bf3 d5 22. Rc5 Rfd8 23. Rb1 f5 1-0

[Event "VII Miedzynarodowy Festiwal Szachowy - O"]
[Site "Ostroda"]
[Date "2010.08.04"]
[Round "4.15"]
[White "Pirou, David"]
[Black "Wodzynska, Zofia"]
[Result "1-0"]
[WhiteElo "1995"]
[BlackElo "1567"]
[PlyCount "97"]
[EventDate "2010.??.??"]

1. Nf3 Nc6 2. d4 d5 3. e3 Nf6 4. Bd3 e6 5. a3 Bd6 6. Nbd2 O-O 7. c4 dxc4 8.
Nxc4 Be7 9. O-O b6 10. Qc2 Bb7 11. Rd1 h6 12. b4 Kh8 13. Bb2 Nb8 14. Nce5 Nbd7
15. Nc6 Qe8 16. Nxe7 Qxe7 17. Qxc7 Bxf3 18. gxf3 Rfc8 19. Qg3 Nf8 20. Rac1 N8h7
21. Ba6 Re8 22. Rc7 Qf8 23. e4 Red8 24. Rdc1 Nh5 25. Qe5 Ng5 26. Be2 a6 27. h4
Nh3+ 28. Kf1 N3f4 29. R7c6 Qe7 30. d5 Qxh4 31. Ke1 exd5 32. Rxh6+ Kg8 33. Qxg7+
Nxg7 34. Rxh4 Ng2+ 35. Kf1 Nxh4 36. Bf6 Rdc8 37. Rxc8+ Rxc8 38. Bxh4 Rc1+ 39.
Kg2 dxe4 40. fxe4 b5 41. Bf6 Nh5 42. Bxh5 Rc7 43. f4 Rc2+ 44. Kg3 Ra2 45. Bf3
Rxa3 46. Be7 a5 47. bxa5 Rxa5 48. Be2 Ra7 49. Bc5 1-0

[Event "VII Miedzynarodowy Festiwal Szachowy - O"]
[Site "Ostroda"]
[Date "2010.08.04"]
[Round "4.17"]
[White "Pycka, Zbigniew"]
[Black "Siwon, Zbigniew"]
[Result "1/2-1/2"]
[WhiteElo "1929"]
[BlackElo "1854"]
[PlyCount "70"]
[EventDate "2010.??.??"]

1. Nf3 d5 2. c4 c6 3. b3 Bf5 4. g3 Nf6 5. Bb2 Nbd7 6. Bg2 e6 7. d3 Bb4+ 8. Nbd2
O-O 9. O-O a5 10. Nh4 Bg6 11. Nxg6 hxg6 12. a3 Bd6 13. d4 b6 14. Nf3 a4 15.
cxd5 exd5 16. b4 Ne4 17. Ne5 Bxe5 18. dxe5 Ng5 19. Qc2 Qc7 20. Bxd5 Rac8 21.
Bg2 Ne6 22. Qxa4 Nxe5 23. Rac1 c5 24. Qb3 Nc6 25. e3 Rfd8 26. Rc2 Ne5 27. Bxe5
Qxe5 28. Rfc1 Rc7 29. h4 Kh7 30. Bh3 f5 31. Bf1 g5 32. Bc4 gxh4 33. Bxe6 hxg3
34. Qc4 gxf2+ 35. Kg2 g5 1/2-1/2

[Event "VII Miedzynarodowy Festiwal Szachowy - O"]
[Site "Ostroda"]
[Date "2010.08.04"]
[Round "4.18"]
[White "Shemraev, Anton"]
[Black "Zwara, Szymon"]
[Result "0-1"]
[WhiteElo "1967"]
[BlackElo "1615"]
[PlyCount "72"]
[EventDate "2010.??.??"]

1. c4 e5 2. Nc3 Nf6 3. Nf3 Nc6 4. e3 d6 5. d3 g6 6. a3 a5 7. Rb1 Bg7 8. Be2 O-O
9. b4 axb4 10. axb4 Bf5 11. b5 Ne7 12. e4 Bd7 13. O-O Ne8 14. d4 b6 15. dxe5
dxe5 16. Bg5 f6 17. Bh4 g5 18. Bg3 h5 19. h3 h4 20. Bh2 Qc8 21. Nd5 Nxd5 22.
cxd5 Nd6 23. Nd2 Qe8 24. Qb3 Ra5 25. Rfc1 Bxb5 26. Bg4 Qd8 27. Be6+ Kh8 28. Qc3
Ra7 29. Qf3 Qe8 30. Bg4 Qe7 31. Nf1 Rfa8 32. Kh1 Ra2 33. Re1 R8a3 34. Rb3 Rxb3
35. Qxb3 Rxf2 36. Bg1 Rxf1 0-1

[Event "VII Miedzynarodowy Festiwal Szachowy - O"]
[Site "Ostroda"]
[Date "2010.08.04"]
[Round "4.19"]
[White "Ostrega, Przemyslaw"]
[Black "Opalinski, Krzysztof"]
[Result "0-1"]
[WhiteElo "1600"]
[BlackElo "1805"]
[PlyCount "48"]
[EventDate "2010.??.??"]

1. e4 d5 2. exd5 Nf6 3. d4 Nxd5 4. Nf3 Bg4 5. h3 Bh5 6. g4 Bg6 7. Bd3 e6 8. h4
Nc6 9. a3 Be7 10. h5 Bxd3 11. Qxd3 Qd6 12. Nc3 Nxc3 13. Qxc3 Bf6 14. Be3 Qd5
15. Rh3 O-O-O 16. O-O-O e5 17. Kb1 exd4 18. Qd3 Qd7 19. Qe4 Rhe8 20. Qf4 Qe6
21. Bxd4 Nxd4 22. Nxd4 Bxd4 23. Rxd4 Rxd4 24. Qxd4 Rd8 0-1

[Event "VII Miedzynarodowy Festiwal Szachowy - O"]
[Site "Ostroda"]
[Date "2010.08.04"]
[Round "4.20"]
[White "Wodzynski, Mieszko"]
[Black "Grenda, Wojciech"]
[Result "1-0"]
[WhiteElo "1796"]
[BlackElo "1545"]
[PlyCount "61"]
[EventDate "2010.??.??"]

1. e4 e6 2. d4 d5 3. e5 c5 4. c3 Nc6 5. Nf3 Qb6 6. a3 cxd4 7. cxd4 Nge7 8. b4
Nf5 9. Be3 Bd7 10. Be2 Be7 11. O-O O-O 12. g4 Nxe3 13. fxe3 f6 14. exf6 Bxf6
15. Nc3 Be8 16. h4 Qd8 17. g5 Be7 18. b5 Na5 19. Ne5 Nc4 20. Rxf8+ Bxf8 21.
Nxc4 dxc4 22. Bxc4 Qb6 23. Qg4 Bf7 24. Rf1 Bxa3 25. Ne4 Rc8 26. Qf3 Bg6 27. Nc5
Bxc5 28. dxc5 Qxc5 29. Bxe6+ Kh8 30. Bxc8 Qxc8 31. Qf8+ 1-0